=LDR 00000nam 2200000 4500 =001 INLIS000000000010822 =990 ##$$a 0127/BPAP-NTB/2017 =005 20130612102433 =990 ##$$a 81.302/Pro-95 =008 ***********************************Ind** =035 ##$$0010-061300000010822 =041 ##$$a Ind =082 ##$$a 410.07 =090 ##$$a 410.07, Wid p =100 ##$$a Widodo, A.Slamet =245 ##$$a Penuntun belajar bahasa Indonesia untuk SMU, A. slamet widodo =260 ##$$a 1995 $b bandung =300 ##$$a vii, 306 hlm, 21 cm =650 ##$$a Bahasa Indonesia =650 ##$$a studi dan pengajaran =850 ##$$a NBPNMAT =990 ##$$a 0127/BPAP-NTB/2017